Normal view
MARC view
- Alcoholismo
Entry Materia
001 - NÚMERO DE CONTROL DEL REGISTRO
- campo de control: 15854
003 - IDENTIFICADOR DE NUMERO DE CONTROL
- campo de control: MX-MxUPN
005 - FECHA Y HORA DE LA ÚLTIMA TRANSACCIÓN
- campo de control: 20260107102810.0
008 - DATOS DE LONGITUD FIJA
- campo de control de longitud fija: 260107n| fcnnnbabn | ana |d
035 ## - NÚMERO DE CONTROL DEL SISTEMA
- Número de control del sistema: UPN10000015862
040 ## - FUENTE DE LA CATALOGACIÓN
- Centro catalogador de origen: MX-MxUPN
- Lengua de catalogación: spa
- Agencia de transcripción: MX-MxUPN
150 ## - ENCABEZAMIENTO - TEMÁTICO
- Término de materia o nombre geográfico como elemento inicial: Alcoholismo
- Subdivisión de materia general: Prevención
670 ## - FUENTE EN LA QUE SE LOCALIZARON DATOS
- Cita de la fuente: LC
- Información localizada: Alcoholism - Prevention
902 ## - CATALOGADOR
- Catalogador: MCM/080710
